Philips' modern college atlas for Africa. -(19th ed) (Record no. 81869)

MARC details
000 -LEADER
fixed length control field 00789nam a2200181 a 4500
008 - FIXED-LENGTH DATA ELEMENTS--GENERAL INFORMATION
fixed length control field 120416s1985 ||||||||||||||||| || u
050 ## - LIBRARY OF CONGRESS CALL NUMBER
Classification number G 2445 Phi
245 00 - TITLE STATEMENT
Title Philips' modern college atlas for Africa. -(19th ed)
250 ## - EDITION STATEMENT
Edition statement 19th ed
260 ## - PUBLICATION, DISTRIBUTION, ETC.
Place of publication, distribution, etc. London
Name of publisher, distributor, etc. George Philip
Date of publication, distribution, etc. 1985
300 ## - PHYSICAL DESCRIPTION
Extent 31p. : ill.
350 ## -
-- 0.00
650 ## - SUBJECT ADDED ENTRY--TOPICAL TERM
Topical term or geographic name entry element ATLASES
650 ## - SUBJECT ADDED ENTRY--TOPICAL TERM
Topical term or geographic name entry element ATLASES, AFRICAN
995 ## -
-- REFERENCE BOOKS
-- 0.00
-- 710789
-- CBU-MAIN LIBRARY (Kitwe)
-- 1
-- 3.25
-- G 2445 Phi
-- 1
-- REFERENCE
-- 022326
-- Reference Collection
995 ## -
-- REFERENCE BOOKS
-- 0.00
-- 710788
-- CBU-MAIN LIBRARY (Kitwe)
-- 3
-- 3.25
-- G 2445 Phi
-- 3
-- REFERENCE
-- 022351
-- Reference Collection
995 ## -
-- REFERENCE BOOKS
-- 0.00
-- 710787
-- CBU-MAIN LIBRARY (Kitwe)
-- 2
-- 3.25
-- G 2445 Phi
-- 2
-- REFERENCE
-- 022352
-- Reference Collection
999 ## -
-- 81869
-- 81869
Holdings
Withdrawn status Lost status Source of classification or shelving scheme Damaged status Not for loan Permanent Location Current Location Shelving location Date acquired Total Checkouts Full call number Barcode Date last seen Copy number Price effective from Koha item type
          CBU-MAIN LIBRARY, KITWE. CBU-MAIN LIBRARY, KITWE.   09/12/2023   G 2445 Phi 022326 09/12/2023 1 09/12/2023 REFERENCE COLLECTION
          CBU-MAIN LIBRARY, KITWE. CBU-MAIN LIBRARY, KITWE.   09/12/2023   G 2445 Phi 022351 09/12/2023 2 09/12/2023 REFERENCE COLLECTION
          CBU-MAIN LIBRARY, KITWE. CBU-MAIN LIBRARY, KITWE.   09/12/2023   G 2445 Phi 022352 09/12/2023 3 09/12/2023 REFERENCE COLLECTION